000 00752nam a22001697a 4500
007 cr
008 250513b ||||| |||| 00| 0 spa d
040 _aAR-FvUNAJ
_dAR-FvUNAJ
110 2 _921476
_aInstituto Nacional Central Único Coordinador de Ablación e Implante (Argentina)
245 1 0 _aRecomendaciones para elaborar un plan de comunicación :
_cinstalar y fortalecer el proceso de donación y transplante en los hospitales /
_bINCUCAI
260 _as.l. :
_bs.d.,
_cs.f.
300 _a8 p.
650 0 _aTRANSPLANTE
_914785
856 4 1 _uhttps://www.argentina.gob.ar/sites/default/files/bancos/2018-10/0000001271cnt-recomendaciones_elaborar_plan_comunicacion.pdf
942 _2ddc
_cLIBRO DIGI
980 _62
_aVirginia Figueroa
_82
_gVirginia Figueroa
999 _c10930
_d10930